000 00578nam a2200193Ia 4500
005 20260120131951.0
008 008 260114s9999 xx 000 0 eng d
020 _a9780197731598
037 _aEBOOK
040 _aCRL
_beng
_cCRL
041 _aeng
_2eng
084 _qCRL
100 _aFetzer
_9933358
245 0 _aScience, Explantion, and Rationality: Aspects of the Philosophy of Carl G. Hempel
260 _bOxford University PressOxford University Press
_c2023
856 _uhttps://academic.oup.com/book/49842
942 _cEBOOK
999 _c1525281
_d1525281